Statistics for History of the United Kingdom

Click here to take the quiz!

General Stats

  • This quiz has been taken 331 times
  • The average score is 15 of 22

Answer Stats

HintAnswer% Correct
First female Prime MinisterMargaret Thatcher
99%
Event hosted in London in 1908,
1948 and 2012
Summer Olympics
98%
Name for the British withdrawal
from the European Union
Brexit
92%
Ship built in Belfast in 1912RMS Titanic
90%
Victorious admiral at TrafalgarHoratio Nelson
89%
War fought against ArgentinaFalklands War
87%
Germany's aerial bombardment
of the UK in 1940-41
The {Blitz}
83%
Lord Protector, 1653–1658Oliver Cromwell
77%
Literary family of
Anne, Emily, and Charlotte
Brontë
76%
Alexander Fleming's inventionPenicillin
75%
Revolting Celtic queenBoudica
72%
Name of Northern Ireland conflictThe Troubles
69%
First British circumnavigatorFrancis Drake
60%
Commander who defeated
Napoleon at Waterloo
Duke of
Wellington
58%
Tribe that gave its name to EnglandAngles
58%
Adam Smith is considered to be
the "father" of this
Economics /
Capitalism
51%
Country of the Mau Mau uprisingsKenya
48%
Celtic tribe of ancient ScotlandPicts
46%
First permanent English
settlement in the New World
Jamestown
39%
Birmingham's most prominent gangPeaky Blinders
38%
"Lost Colony" established in 1585Roanoke
30%
Type of weapon Welsh soldiers
used during the Middle Ages
Longbow
30%

Score Distribution

Percentile by Number Answered

Percent of People with Each Score

Your Score History

You have not taken this quiz